000
00307nam a2200121Ia 4500
008
191201s2004 xx 000 0 und d
100
_a
GROVER, J M
245
0
_a
Spinning Tablet III Draw Frames
260
_a
N.Delhi
_b
The Textile Association
_c
2004
300
_a
18
650
_a
B.Tech(TE)
942
_2
ddc
_c
BK
999
_c
3441
_d
3441